Le valereux Don Quixote de la Manche (Record no. 2733)

MARC details
000 -CABECERA
campo de control de longitud fija 01809nam a2200337 a 4500
001 - NÚMERO DE CONTROL
campo de control BRCA_2994
005 - FECHA Y HORA DE LA ÚLTIMA TRANSACCIÓN
campo de control 20190320204048.0
008 - DATOS DE LONGITUD FIJA--INFORMACIÓN GENERAL
campo de control de longitud fija 160109s1625----fr-#---###---#000-0#fre-u
041 ## - CÓDIGO DE LENGUA
Código de lengua del texto/banda sonora o título independiente fre
044 ## - CÓDIGO DEL PAÍS DE LA ENTIDAD EDITORA/PRODUCTORA
Código MARC del país fr
084 ## - OTRO NÚMERO DE CLASIFICACIÓN
Número de clasificación 316
Número de documento/Ítem .M478
-- 1625
100 1# - ENTRADA PRINCIPAL--NOMBRE DE PERSONA
Nombre de persona Cervantes Saavedra, Miguel de
Fechas asociadas al nombre 1547-1616
9 (RLIN) 213
245 10 - MENCIÓN DE TÍTULO
Título Le valereux Don Quixote de la Manche
Resto del título ov l´Histoire de ses Grands Exploits d´armes, fideles Amours, et Adventures estranges
Mención de responsabilidad, etc. Miguel de Cervante Saavedra.
260 ## - PUBLICACIÓN, DISTRIBUCIÓN, ETC.
Lugar de publicación, distribución, etc. París
Nombre del editor, distribuidor, etc. Jean Mestrais
Fecha de publicación, distribución, etc. 1625
300 ## - DESCRIPCIÓN FÍSICA
Extensión 742 p.
Dimensiones 17 cm.
500 ## - NOTA GENERAL
Nota general Contenido : Primera parte. Dedicatoria al Rey por el traductor. Prólogo del autor. Advertencia del editor. Texto
500 ## - NOTA GENERAL
Nota general Edición : Oeuvre non moins vtile qve de plaisante et delectable lecture. Traduit fidelement de l´Espagnol de Michel de Cervantes, et dedi, au Roy. Par Cesar Ovdin
500 ## - NOTA GENERAL
Nota general Cuarta edición de la traucción francesa de la primera parte, copia de la segunda y tercera, impresas en 1616 y 1620, respectivamente, pero carece del extracto del privilegio. La parte tipográfica no es tan perfecta. La segunda y tercera guarda contienen notas escritas a mano, con tinta y lápiz. Piel; lomera decorada con florones y filetes dorados Lúdovik Osterc
500 ## - NOTA GENERAL
Nota general Estado físico : Anotaciones en la guarda
500 ## - NOTA GENERAL
Nota general Existencias : Complementa al LO-317
500 ## - NOTA GENERAL
Nota general QM239
546 ## - NOTA DE LENGUA/LENGUAJE
Nota de lengua/lenguaje Texto en : francés
650 14 - PUNTO DE ACCESO ADICIONAL DE MATERIA--TÉRMINO DE MATERIA
Término de materia o nombre geográfico como elemento de entrada Novela española
Subdivisión cronológica Época clásica, 1500-1700
9 (RLIN) 215
650 14 - PUNTO DE ACCESO ADICIONAL DE MATERIA--TÉRMINO DE MATERIA
Término de materia o nombre geográfico como elemento de entrada Literatura española
Subdivisión cronológica Época clásica, 1500-1700
9 (RLIN) 216
650 14 - PUNTO DE ACCESO ADICIONAL DE MATERIA--TÉRMINO DE MATERIA
Término de materia o nombre geográfico como elemento de entrada Novela española
Subdivisión cronológica Siglo XVII
9 (RLIN) 217
650 14 - PUNTO DE ACCESO ADICIONAL DE MATERIA--TÉRMINO DE MATERIA
Término de materia o nombre geográfico como elemento de entrada Don Quijote (Personaje ficticio)
Término indicativo de función/relación Novela
9 (RLIN) 218
700 1# - PUNTO DE ACCESO ADICIONAL--NOMBRE DE PERSONA
Nombre de persona Oudin, César
Fechas asociadas al nombre -1625
Término indicativo de función/relación Traductor
9 (RLIN) 8281
740 0# - PUNTO DE ACCESO ADICIONAL--TÍTULO RELACIONADO O ANALÍTICO NO CONTROLADO
Título relacionado o analítico no controlado El Ingenioso Hidalgo Don Quijote de la Mancha
902 ## - CATALOGADOR
Iniciales QFM
942 ## - ELEMENTOS DE PUNTO DE ACCESO ADICIONAL (KOHA)
Fuente del sistema de clasificación o colocación Library of Congress Classification
Tipo de ítem Koha Libros
Holdings
Estado de retiro Estado de pérdida Estado dañado No para préstamo Localización permanente Ubicación/localización actual Fecha de adquisición Número de inventario Total de préstamos Signatura topográfica completa Código de barras Fecha visto por última vez Precio válido a partir de Tipo de ítem Koha
El ejemplar forma parte de la colección y puede ser consultado según las políticas vigentes.       Biblioteca del Museo Franz Mayer (Rogerio Casas-Alatriste) Biblioteca del Museo Franz Mayer (Rogerio Casas-Alatriste) 16/01/2009 QM239   316 .M478 1625 (QM239) 2991 22/03/2019 22/03/2019 Libros